| 000 | 00398 a2200145 4500 | ||
|---|---|---|---|
| 003 | OSt | ||
| 005 | 20231108135720.0 | ||
| 008 | 231108b |||||||| |||| 00| 0 eng d | ||
| 040 | _coclc | ||
| 082 |
_a297 _bBEV/M |
||
| 100 |
_aBevinje, Ibrahim _97574 |
||
| 245 |
_aMuslim Samoohika Jeevitham / _cIbrahim Bevincha |
||
| 300 | _a88p | ||
| 942 |
_2ddc _cBK _h297 _iBEV/M _k297 _mBEV/M |
||
| 999 |
_c42966 _d42966 |
||